000 01000nam0a2200301 4500
001 RU\NLR\BIBL_A\011996968
005 20190516130643.0
010 _a978-5-17-114905-5
_92000
021 _aRU
_bКН-П-19-022872
_9КН-П-19-1726
035 _a(NLR Aleph) 011996968
035 _a(RuMoRGB)009934879
090 _a11387262
_c11387262
100 _a20190423d2019 u y0rusy50 ca
101 1 _arus
_ceng
102 _aRU
105 _ay|||z|||000ay
200 1 _aФилиппа
_e[роман]
_fБертрис Смолл
_g[перевод с английского Т. А. Перцевой]
210 _aМосква
_cАСТ
_d2019
215 _a350, [1] с.
_d21
225 1 _aСерия "Гарем Бертрис Смолл"
333 _a16+
686 1 _aШ6(7США)67-440.4{Лх1979-50}
700 1 _aСмолл
_bБ.
_f1937-2015
_gБертрис
_3RU\NLR\AUTH\77816
942 _cBOOK
980 _aNBR
980 _aNB